Furyo /
Gorde:
| Beste egile batzuk: | , , , , , |
|---|---|
| Formatua: | |
| Hizkuntza: | italiera |
| Argitaratua: |
Milano :
Deltavideo,
1989
|
| Saila: | Joker
|
| Etiketak: |
Etiketarik gabe, Izan zaitez lehena erregistro honi etiketa jartzen!
|
MARC
| LEADER | 00000ngm a22000007i 4500 | ||
|---|---|---|---|
| 001 | IT\ICCU\MIL\0450925 | ||
| 003 | ItRI | ||
| 005 | 20260124182847.0 | ||
| 008 | 000324r1989uuuuit |||||||||||||||k|||||c | ||
| 028 | 4 | 2 | |a DVJ2129 |
| 040 | |b ita | ||
| 041 | 7 | |a ita |2 ISO-639-2 | |
| 130 | 0 | |a Merry Christmas, Mr. Lawrence <film ; 1982> |3 IT\ICCU\UBO\2103758 | |
| 245 | 0 | 0 | |a Furyo / |c regia di Nagisa Oshima ; [tratto! dal romanzo "The seed & the sower" di Laurens Van der Post ; sceneggiatura [di! Nagisa Oshima, Paul Mayersberg ; fotografia [di! Toichiro Narushima ; musica [di! Ryuichi Sakamoto. |
| 260 | |a Milano : |b Deltavideo, |c 1989 | ||
| 300 | |a 1 videocassetta (VHS) (120 min.) : |b col., son | ||
| 500 | |a Interpreti: Tom Conti, David Bowie, Ryuichi Sakamoto | ||
| 500 | |a Produttore: Lawrence Productions | ||
| 500 | |a Ripr. del film del 1984 | ||
| 500 | |a Doppiato in italiano. | ||
| 700 | 1 | |a Bowie, David, |d (1947-2016) |0 IT\ICCU\CFIV\043360 | |
| 700 | 1 | |a Sakamoto, Ryuichi |0 IT\ICCU\DDSV\388276 | |
| 700 | 1 | |a Narushima, Toichiro |0 IT\ICCU\LO1V\303034 | |
| 700 | 1 | |a Conti, Tom |0 IT\ICCU\MILV\233350 | |
| 700 | 1 | |a Oshima, Nagisa |0 IT\ICCU\RAVV\050218 | |
| 700 | 1 | |a Mayersberg, Paul |0 IT\ICCU\UBOV\484899 | |
| 790 | 1 | |a Hayward-Jones, David Robert |3 IT\ICCU\CFIV\196309 |z Bowie, David (1947-2016) | |
| 790 | 1 | |a Jones, David Robert |3 IT\ICCU\CFIV\196310 |z Bowie, David (1947-2016) | |
| 790 | 1 | |a Sakamoto, Ryuchi |3 IT\ICCU\SBNV\077348 |z Sakamoto, Ryuichi | |
| 790 | 1 | |a Nagisa, Oshima |3 IT\ICCU\SBNV\028150 |z Oshima, Nagisa | |
| 830 | 0 | |a Joker |0 IT\ICCU\MIL\0322255 | |
| 942 | |2 ddc |c VM |n 0 | ||
| 952 | |0 0 |1 0 |4 0 |6 VO_133_000000000000000 |7 0 |9 27158 |a BO |b BO |d 2026-01-24 |i 7290 |l 0 |o VO 133 |p BO7290 |r 2026-01-24 18:28:47 |w 2026-01-24 |x [Sebina 5] [1 videocassetta] |y VM |z 1 videocassetta | ||
| 952 | |0 0 |1 0 |4 0 |6 VO_1762_000000000000000 |7 0 |9 27159 |a BO |b BO |d 2026-01-24 |i 13688 |l 0 |o VO 1762 |p BO13688 |r 2026-01-24 18:28:47 |w 2026-01-24 |x [Sebina 5] [1 videocassetta] |y VM |z 1 videocassetta (2. copia) | ||
| 999 | |c 22991 |d 22991 | ||